Library Banner

البنوک الاسلامیہ (Record no. 101274)

MARC details
000 -LEADER
fixed length control field 00370nam a22001457a 4500
005 - DATE AND TIME OF LATEST TRANSACTION
control field 20180102104427.0
008 - FIXED-LENGTH DATA ELEMENTS--GENERAL INFORMATION
fixed length control field 180102b xxu||||| |||| 00| 0 eng d
040 ## - CATALOGING SOURCE
Transcribing agency PK-LaUMT
082 ## - DEWEY DECIMAL CLASSIFICATION NUMBER
Classification number PKAC 297.05
Item number ABD-A
100 ## - MAIN ENTRY--PERSONAL NAME
Personal name Abdul Rehman Aqal
245 ## - TITLE STATEMENT
Title البنوک الاسلامیہ
Statement of responsibility, etc Abdul Rehman Aqal
260 ## - PUBLICATION, DISTRIBUTION, ETC. (IMPRINT)
Place of publication, distribution, etc [ ]
Name of publisher, distributor, etc [ ]
Date of publication, distribution, etc [ ]
300 ## - PHYSICAL DESCRIPTION
Extent 96 S
942 ## - ADDED ENTRY ELEMENTS (KOHA)
Koha item type Books
Holdings
Withdrawn status Lost status Damaged status Home library Current library Date acquired Full call number Barcode Date last seen Price effective from Koha item type
      UMT Main Campus UMT Main Campus 2018-01-02 PKAC 297.05 ABD-A 117054 2018-01-02 2018-01-02 Books